| 000 | 01134nkm a2200265 i 4500 | ||
|---|---|---|---|
| 001 | 4187 | ||
| 003 | ES-MaACL | ||
| 005 | 20250713062943.0 | ||
| 007 | khrbo | ||
| 008 | 070702s1988 sp --- g |001||spa d | ||
| 100 | 0 |
_aAlfonso, _d1902-1990 _919858 |
|
| 245 | 1 | 0 |
_aRecital de canto y piano por María Manuela de Sá y Jesús Legido [ _hFotografía] / _cAlfonso (sello). |
| 260 |
_a[S.l. : _bs.n.], _c1988. |
||
| 300 |
_a2 fot. : _bb. y n. ; _c12 x 18 cm. |
||
| 500 | _aDatos basados en invitación. | ||
| 511 | 0 | _aIntervienen: María Manuela de Sá (soprano), Jesús Legido (piano) | |
| 518 | _aActo organizado por la Sección de Música del Ateneo de Madrid, celebrado en el salón de actos el viernes, 8 de enero de 1988, a las 20:00 h. | ||
| 600 | 1 | 4 |
_aSá, María Manuela. _9101121 |
| 600 | 1 | 4 |
_aLegido, Jesús. _971280 |
| 610 | 2 | 4 |
_aAteneo de Madrid- _xActos culturales- _y1988- _vFotografías. _91903 |
| 710 | 2 |
_aAteneo de Madrid. _bSección de Música. _92004 |
|
| 852 |
_aES-MaACL _jFOT 1/1988 |
||
| 856 | 4 |
_uhttp://www.ateneodemadrid.net/biblioteca_digital/imagenes/1988/0001-1988.jpg _zVer imagen |
|
| 999 |
_c4187 _d4187 |
||